000
00289nam a22001337a 4500
008
170605b xxu||||| |||| 00| 0 eng d
020
_a
030891930
041
_a
eng
080
_2
3RD
_a
94(4)
100
_a
18
101
_a
SHH
245
_a
EUROPE SINCE 1914
_c
CRAIG,G.A
942
_2
udc
_c
BK
999
_c
15905
_d
15905